Every 1M+ City In The Arab World On A Map - Statistics

General Stats
  • This quiz has been taken 245 times
  • The average score is 33 of 38
Answers on the Map
Answers color-coded by a green-red scale on the quiz's map according to % correct below.
 
Answer Stats
Rank City Country Population % Correct
1 Cairo Egypt 21,000,000
99%
7 Dubai United Arab Emirates 5,350,000
99%
3 Baghdad Iraq 7,000,000
98%
2 Riyadh Saudi Arabia 8,050,000
98%
14 Tunis Tunisia 2,675,000
98%
26 Abu Dhabi United Arab Emirates 1,500,000
97%
5 Alexandria Egypt 5,800,000
97%
11 Algiers Algeria 3,975,000
97%
18 Rabat Morocco 2,050,000
97%
32 Tripoli Libya 1,250,000
97%
6 Amman Jordan 5,600,000
96%
12 Damascus Syria 3,825,000
96%
17 Mecca Saudi Arabia 2,125,000
96%
13 Sana'a Yemen 2,800,000
96%
10 Casablanca Morocco 4,475,000
95%
4 Khartoum Sudan 6,300,000
95%
9 Kuwait City Kuwait 4,750,000
95%
16 Doha Qatar 2,425,000
94%
28 Muscat Oman 1,430,000
94%
20 Mogadishu Somalia 1,940,000
93%
22 Beirut Lebanon 1,750,000
92%
21 Aleppo Syria 1,910,000
91%
19 Gaza Palestine 1,960,000
90%
8 Jeddah Saudi Arabia 4,950,000
90%
24 Manama Bahrain 1,530,000
89%
23 Medina Saudi Arabia 1,540,000
89%
30 Fez Morocco 1,270,000
85%
35 Marrakesh Morocco 1,120,000
81%
30 Nouakchott Mauritania 1,270,000
78%
36 Tangier Morocco 1,110,000
76%
25 Basra Iraq 1,520,000
74%
29 Mosul Iraq 1,400,000
74%
27 Oran Algeria 1,480,000
74%
15 Dammam Saudi Arabia 2,500,000
63%
37 Erbil Iraq 1,090,000
59%
33 Agadir Morocco 1,190,000
50%
38 Kirkuk Iraq 1,030,000
48%
34 Sousse Tunisia 1,140,000
45%
No matching quizzes found
Score Distribution
Percent of People with Each Score
Percentile by Number Answered
Your Score History
You have not taken this quiz